Administración (Registro nro. 1353)

Detalles MARC
000 -LEADER
fixed length control field 01316 a2200229 4500
001 - CONTROL NUMBER
control field 25277
005 - DATE AND TIME OF LATEST TRANSACTION
control field 20260407155537.0
008 - FIXED-LENGTH DATA ELEMENTS--GENERAL INFORMATION
fixed length control field 260407a1987 arg spa d
003 - CONTROL NUMBER IDENTIFIER
control field AR-UNSa-BCEJYS
040 ## - CATALOGING SOURCE
Original cataloging agency AR-UNSa-BCEJYS
Language of cataloging spa
Transcribing agency AR-UNSa-BCEJYS
080 ## - UNIVERSAL DECIMAL CLASSIFICATION NUMBER
Universal Decimal Classification number 658
Common auxiliary subdivision Administración de empresas. Organización comercial
020 ## - INTERNATIONAL STANDARD BOOK NUMBER
International Standard Book Number 950-9592-04-8
100 1# - MAIN ENTRY--PERSONAL NAME
Personal name Alvarez, Héctor Felipe
245 10 - TITLE STATEMENT
Title Administración
Name of part/section of a work una introducción al estudio de la administración
250 ## - EDITION STATEMENT
Edition statement 2a. ed.
264 #1 - PRODUCTION, PUBLICATION, DISTRIBUTION, MANUFACTURE, AND COPYRIGHT NOTICE
Place of production, publication, distribution, manufacture Córdoba :
Name of producer, publisher, distributor, manufacturer Sociedad para Estudios Pedagógicos Argentinos (SEPA)
Date of production, publication, distribution, manufacture, or copyright notice 1987
300 ## - PHYSICAL DESCRIPTION
Extent 318 p.
Dimensions 24 cm.
505 ## - FORMATTED CONTENTS NOTE
Formatted contents note Parte I :Introducción : 1. La administración - 2. La organización como sistema - Parte II : La acción de organizar : 3. La estructura de la organización formal - 4. La conducta humana en la organización - 5. La dinámica de la organización - Parte III : Planificación, dirección y control : 6. La planificación - 7. La dirección - 8. Elcontrol - Parte IV : El pensamiento administrativo : 9. Sínteis de pensamiento administrativo - 10. La administración en la Argentina.
590 ## - LOCAL NOTE (RLIN)
Local note niveau_biblio:m niveau_hierar:0
856 41 - ELECTRONIC LOCATION AND ACCESS
Uniform Resource Identifier <a href="https://biblioeco.unsa.edu.ar/pmb/images/libros/Administraci?n Alvarez, H?ctor Felipe (1987).jpg">https://biblioeco.unsa.edu.ar/pmb/images/libros/Administraci?n Alvarez, H?ctor Felipe (1987).jpg</a>
Link text Imagen de portada
Electronic format type image/jpeg
942 ## - ADDED ENTRY ELEMENTS (KOHA)
Koha item type
Existencias
Withdrawn status Lost status Damaged status Not for loan Home library Current library Shelving location Date acquired Total checkouts Full call number Barcode Date last seen Price effective from Koha item type
        Biblioteca Prof. Eusebio Cleto del Rey Biblioteca Prof. Eusebio Cleto del Rey   07/04/2026   658 A472 2ed. L53582 07/04/2026 07/04/2026 Libro
        Biblioteca Prof. Eusebio Cleto del Rey Biblioteca Prof. Eusebio Cleto del Rey   07/04/2026   658 A472 2ed. L53587 07/04/2026 07/04/2026 Libro
        Biblioteca Prof. Eusebio Cleto del Rey Biblioteca Prof. Eusebio Cleto del Rey   07/04/2026   658 A472 2ed. L53584 07/04/2026 07/04/2026 Libro
        Biblioteca Prof. Eusebio Cleto del Rey Biblioteca Prof. Eusebio Cleto del Rey   07/04/2026   658 A472 2ed. L53586 07/04/2026 07/04/2026 Libro
        Biblioteca Prof. Eusebio Cleto del Rey Biblioteca Prof. Eusebio Cleto del Rey   07/04/2026   658 A472 2ed. L53585 07/04/2026 07/04/2026 Libro
        Biblioteca Prof. Eusebio Cleto del Rey Biblioteca Prof. Eusebio Cleto del Rey   07/04/2026   658 A472 2ed. L53581 07/04/2026 07/04/2026 Libro